01665nac a22002051u 4500020001500000082001900015090001500034100003400049245007700083260004800160300002900208500002000237505095200257650002701209700002301236700002201259942002101281999001501302952014201317 a8170082153 a620.112bP9845 c1024d1024 aPunmia, B.C.  aMechanics of materials /bB.c. Punmia, Ashok KumarJain, Arun Kumar Jain. aNew Delhi :bLaxmi Publications,2003c2003. a952 p. :bill. ;c24 cm. aIncludes index. a1. Mechanical Properties of Materials; 2. Simple Stresses and Strains; 3. Elastic Constants; 4. Analysis of Stress: Principal Stresses; 5. Analysis of Strain: Principal Strains; 6. Strain Energy, Resilience and Impact Loading; 7. Theories of Elastic Failure; 8. Centroids and Moments of Inertia of Plane Areas; 9. Shear Force and Bending Moment; 10. Bending Stresses in Beams; 11. Shearing Stresses in Beams; 12. Deflection of Beams: I Double Integration Method; 13. Deflection of Beams: II Area Moment Method; 14. Deflection of Beams: III Conjugate Beam Method; 15. Deflection of Beams: IV Strain Energy Method; 16. Fixed Beams; 17. Continous Beams; 18. Combined Direct and Bending Stresses; 19. Masonry Structures (Retaining Walls, Dams and Chimneys); 20. Columns; 21. Torsion of Shafts; 22. Springs; 23. Thin Cylinders and Spheres; 24. Thick Cylinders and Spheres; 25. Analysis of Perfect Frames; 26. Riveted Connections; 27. Welded Connections aStrength of materials. aJain, Ashok Kumar. aJain, Arun Kumar. cBBk620.112P9845 c1024d1024 00102ddc40708 aMAINbMAINc1STd2016-08-06epurchaseg110.00l1o620.112 PUNp000003480r2025-07-15 00:00:00s2011-05-28v137.50yBB